<?xml version="1.0" encoding="UTF-8"?><?xml-stylesheet type="text/xsl" href="static/style.xsl"?><OAI-PMH xmlns="http://www.openarchives.org/OAI/2.0/" xmlns:xsi="http://www.w3.org/2001/XMLSchema-instance" xsi:schemaLocation="http://www.openarchives.org/OAI/2.0/ http://www.openarchives.org/OAI/2.0/OAI-PMH.xsd"><responseDate>2026-04-14T18:13:05Z</responseDate><request verb="GetRecord" identifier="oai:uvadoc.uva.es:10324/18436" metadataPrefix="marc">https://uvadoc.uva.es/oai/request</request><GetRecord><record><header><identifier>oai:uvadoc.uva.es:10324/18436</identifier><datestamp>2025-02-07T13:32:59Z</datestamp><setSpec>com_10324_38</setSpec><setSpec>col_10324_852</setSpec></header><metadata><record xmlns="http://www.loc.gov/MARC21/slim" xmlns:doc="http://www.lyncode.com/xoai" xmlns:xsi="http://www.w3.org/2001/XMLSchema-instance" xmlns:dcterms="http://purl.org/dc/terms/" xsi:schemaLocation="http://www.loc.gov/MARC21/slim http://www.loc.gov/standards/marcxml/schema/MARC21slim.xsd">
<leader>00925njm 22002777a 4500</leader>
<datafield tag="042" ind1=" " ind2=" ">
<subfield code="a">dc</subfield>
</datafield>
<datafield tag="720" ind1=" " ind2=" ">
<subfield code="a">Gómez Rodríguez, Ángela</subfield>
<subfield code="e">author</subfield>
</datafield>
<datafield tag="260" ind1=" " ind2=" ">
<subfield code="c">2016</subfield>
</datafield>
<datafield tag="520" ind1=" " ind2=" ">
<subfield code="a">El masivo auge de las redes sociales en el mundo de internet está cambiando a marchas forzadas el panorama empresarial. Ya son muchas las empresas que reciben este fenómeno como una herramienta de comunicación para transmitir su mensaje e interactuar con el receptor, incluso sectores tan tradicionales como el de la radio nacional. Este es el principal motivo por el cual se plantea el presente trabajo, conocer la importancia que han adquirido las redes sociales en el campo radiofónico y comparar su funcionalidad en las tres radios de la empresa PRISA Radio: La Cadena SER, Los40 y Cadena Dial.</subfield>
</datafield>
<datafield tag="024" ind2=" " ind1="8">
<subfield code="a">http://uvadoc.uva.es/handle/10324/18436</subfield>
</datafield>
<datafield ind1=" " ind2=" " tag="653">
<subfield code="a">Redes sociales (Internet)</subfield>
</datafield>
<datafield ind1=" " ind2=" " tag="653">
<subfield code="a">Radio-Emisiones de interés público</subfield>
</datafield>
<datafield ind1=" " ind2=" " tag="653">
<subfield code="a">Marketing-Gestión</subfield>
</datafield>
<datafield tag="245" ind1="0" ind2="0">
<subfield code="a">Aplicación de las redes sociales a la radio nacional. Caso práctico: Cadena SER, Los40 y Cadena Dial</subfield>
</datafield>
</record></metadata></record></GetRecord></OAI-PMH>